| 000 | 00650nam a2200217Ia 4500 | ||
|---|---|---|---|
| 001 | 12215 | ||
| 003 | GE_BSU | ||
| 008 | 181216s||||||||xx |||||||||||||| ||und|| | ||
| 020 | _a9785970413616 | ||
| 040 | _cGE_BSU | ||
| 080 | _a611(084.121):616-373.75 | ||
| 100 | _aФилимонов,Ф.И.;Шилкин,В.В.;Степанков,А.А. | ||
| 245 | _aАтлас лучевой анатомии человека | ||
| 260 | _aМосква | ||
| 260 | _bГеотар-Медиа | ||
| 260 | _c2010 | ||
| 300 | _a452стр.Илл.30см. | ||
| 541 | _h96Л. | ||
| 653 | _aАтлас лучевой анатомии человека | ||
| 942 | _cBK | ||
| 999 |
_c45391 _d45391 |
||